Sea - Trading : Cargoes (Record no. 7020)
[ view plain ]
| 000 -LEADER | |
|---|---|
| fixed length control field | 00224nam a2200097Ia 4500 |
| 008 - FIXED-LENGTH DATA ELEMENTS--GENERAL INFORMATION | |
| fixed length control field | 201217s9999 xx 000 0 und d |
| 100 ## - MAIN ENTRY--PERSONAL NAME | |
| Personal name | Packard, William V. |
| 245 #0 - TITLE STATEMENT | |
| Title | Sea - Trading : Cargoes |
| 490 ## - SERIES STATEMENT | |
| Volume/sequential designation | Vol. 1 |
| 942 ## - ADDED ENTRY ELEMENTS (KOHA) | |
| Koha item type | Books |
| Withdrawn status | Lost status | Damaged status | Not for loan | Permanent Location | Date acquired | Full call number | Barcode | Date last seen | Price effective from | Koha item type |
|---|---|---|---|---|---|---|---|---|---|---|
| IMU Kolkata | 2020-12-17 | 387.544 P1193 | PM02123 | 2020-12-17 | 2020-12-17 | Books |